[Event "Udaipur Lakecity blitz op 1st"]
[Site "Udaipur"]
[Date "2019.09.16"]
[Round "2"]
[White "Prachet, Sharma"]
[Black "Rozum, Ivan"]
[Result "0-1"]
[WhiteElo "1752"]
[BlackElo "2544"]
[PlyCount "58"]
[EventDate "2019.09.16"]
[EventType "swiss (blitz)"]
[EventRounds "9"]
[EventCountry "IND"]
[SourceTitle "EXT 2020"]
[Source "ChessBase"]
[SourceDate "2019.10.17"]
[SourceVersion "1"]
[SourceVersionDate "2019.10.17"]
[SourceQuality "1"]

1. e4 c6 2. d4 d5 3. exd5 cxd5 4. Bf4 Nc6 5. c3 Bf5 6. Bd3 Bg6 7. Nf3 e6 8. 0-0 Bd6 9. Bg3 Nge7 10. Bxg6 hxg6 11. Nbd2 Bxg3 12. hxg3 Nf5 13. Qb3 Qd7 14. Rfe1 f6 15. Rad1 Kf7 16. Re2 Rh7 17. Rde1 Rah8 18. Kf1 Rh1+ 19. Ng1 Re8 20. Ndf3 g5 21. Qd1 g4 22. Nd2 Re7 23. Nb3 b6 24. Qd3 Qe8 25. c4 Qh8 26. f4 Qh2 27. Qe3 Nxg3+ 28. Kf2 dxc4 29. Nd2 Nf5 0-1